00253nam a2200109Ia 4500008004100000082001700041100000900058245002900067260002300096300000800119650001600127191201s2004 xx 000 0 und d a005.133bNIC aNIIT 0aC++ Advanced Programming aN.DelhibPHIc2004 a291 aB.Tech(CSE)